Statistics for They Shoot Pictures, Don't They? - films 981 to 1000

Click here to take the quiz!

General Stats

  • This quiz has been taken 8 times
  • The average score is 10 of 20

Answer Stats

Answer% Correct
The Straight Story
100%
Carlito's Way
80%
Fox and his Friends
80%
The Host
80%
America, America
60%
Mildred Pierce
60%
Z
60%
A Page of Madness
40%
Branded to Kill
40%
Floatting Weeds
40%
Kwaidan
40%
Lady Windermere's Fan
40%
Le Sang des bêtes
40%
Les Maîtres Fous
40%
Sholay
40%
Sweetie
40%
The 47 Ronin
40%
The Naked Kiss
40%
The Tarnished Angels
40%
Trás-os-Montes
40%

Score Distribution

Percentile by Number Answered

Percent of People with Each Score

Your Score History

You have not taken this quiz